000 00540nam a2200217Ia 4500
003 OSt
005 20220924113216.0
006 a|||||r|||| 00| 0
007 ta
008 220923b |||||||| |||| 00| 0 urd d
024 _a43336
037 _cDictionary
040 _aARTS
_cARTS
_burd
041 _2urd
_aurd
082 _aX(P111:4)k, 168M3
245 0 _aFarhang - e - istelahat
_b Muashiyat
260 _c1983
650 _aECONOMICS
942 _hX(P111:4)k, 168M3
_cdic
_2cc
999 _c389572
_d389572